DFB-Pokal Sieger - Sudden Death - Statistiken

Allgemein
  • Dieses Quiz wurde 4.189 mal gespielt
  • Das Durchschnittsergebnis liegt bei 6 aus 15
Answers on the Grid
Answers color-coded by a green-red scale on the quiz's grid according to % correct below.
RW Essen
Karlsruher SC
SW Essen
Werder Bremen
1.FC Nürnberg
Hamburger SV
1860 München
1.FC Köln
Kickers Offenbach
Fortuna Düsseldorf
Bayer 05 Uerdingen
1.FC Kaiserslautern
Hannover 96
VFL Wolfsburg
VFB Stuttgart
Victoria Hamburg
FC Gütersloh
Stuttgarter Kickers
1.FC Schweinfurt
Eintracht Braunschweig
TSG Hoffenheim
1.FSV Mainz
Hertha BSC
SC Freiburg
SpVvg Greuther Fürth
1.FC Union Berlin
Berliner SV 92
MSV Duisburg
1.FC Saarbrücken
Eintracht Trier
 
Antwortstatistiken
Antwort % Korrekt
VFB Stuttgart
72%
Hamburger SV
70%
Werder Bremen
67%
1.FC Köln
61%
1.FC Kaiserslautern
57%
1.FC Nürnberg
55%
VFL Wolfsburg
54%
1860 München
36%
Hannover 96
36%
Fortuna Düsseldorf
28%
Bayer 05 Uerdingen
22%
Karlsruher SC
19%
RW Essen
16%
Kickers Offenbach
14%
SW Essen
12%
Keine übereinstimmenden Quizze gefunden
Verteilung der Resultate
Anzahl Personen mit jedem Resultat
Perzentil nach korrekt beantworteten Fragen
Ihre Resultats-Entwicklung
Sie haben dieses Quiz noch nicht gespielt